| 000 | 01389nam a22003737a 4500 | ||
|---|---|---|---|
| 003 | CHAP | ||
| 005 | 20220329141054.0 | ||
| 008 | 971013s1994 r 00010 d | ||
| 010 | _a62194 | ||
| 011 | _a63166 | ||
| 035 | _a67342 | ||
| 040 | _cCHAP | ||
| 090 | _aFolleto 14858 | ||
| 100 | 0 | 0 |
_aCarrillo Ramírez, Humberto. _919530 |
| 245 | _aManual para el establecimiento y manejo de huertas madre de cocotero | ||
| 260 |
_aChetumal, Q.R. : _bINIFAP. Centro de Investigación Regional del Sureste, _c1994 |
||
| 300 |
_a40 p. _b: ilus. |
||
| 490 | _aINIFAP. Centro de Investigación Regional del Sureste. Folleto técnico | ||
| 590 |
_aBATCH-UPD _b10 _c20130110 _lUCH01 _h0418 |
||
| 590 |
_aBATCH-UPD _b10 _c20130110 _lUCH01 _h2115 |
||
| 590 |
_aBATCH-UPD _b10 _c20130410 _lUCH01 _h0052 |
||
| 590 |
_aBATCH-UPD _b10 _c20130914 _lUCH01 _h0901 |
||
| 590 |
_aCONVERSION _b10 _c20130109 _lUCH01 _h1333 |
||
| 650 | 1 | 4 |
_aAmarillamiento letal del coco. _95153 |
| 650 | 1 | 4 |
_aCoco _xHíbridos. _924250 |
| 650 | 1 | 4 |
_aCoco _xVariedades resistentes a enfermedades. _924272 |
| 650 | 1 | 4 |
_aCopra. _927898 |
| 700 | 0 |
_aPiña Razo, Jaime. _988457 |
|
| 830 | 0 |
_aINIFAP. Centro de Investigación Regional del Sureste. Folleto técnico _958709 |
|
| 901 | _aBK | ||
| 942 | _cFOLL | ||
| 949 |
_aFolleto 14858 _bBC _cFOLL _d-152527 _eTS1 _i67342 _si |
||
| 949 |
_aFolleto 14858 _bBC _cFOLL _d-152528 _eTS2 _fc.2 _i67342 _si |
||
| 999 |
_c62194 _d62194 |
||